All polyatomic ions- Weaver Honors Chem - Statistics

General Stats
  • This quiz has been taken 210 times
  • The average score is 20 of 32
Answer Stats
Hint Answer % Correct
Ammonium NH4+1
100%
Hypochlorite ClO-1
71%
Chlorite ClO2-1
71%
Chlorate ClO3-1
71%
Perchlorate ClO4-1
71%
Nitrate NO3-1
71%
Nitrite NO2-1
69%
Hydroxide OH-1
69%
Acetate C2H3O2-1
67%
Cyanide CN-1
67%
Carbonate CO3-2
67%
Bicarbonate HCO3-1
67%
Iodate IO3-1
64%
Bromate BrO3-1
62%
Chromate CrO4-2
62%
Permanganate MnO4-1
62%
Phosphate PO4-3
62%
Sulfate SO4-2
62%
Perbromate BrO4-1
60%
Bisulfate HSO4-1
60%
Phosphite PO3-3
60%
Sulfite SO3-2
60%
Peroxide O2-2
57%
Dichromate Cr2O7-2
55%
Dihydrogen Phosphate H2PO4-1
50%
Oxalate C2O4-2
48%
Silicate SiO3-2
48%
Arsenate AsO4-3
45%
Thiocyanate SCN-1
45%
Selenate SeO4-2
45%
Borate BO3-3
43%
Thiosulfate S2O3-2
40%
No matching quizzes found
Score Distribution
Percent of People with Each Score
Percentile by Number Answered
Your Score History
You have not taken this quiz